Milujem čierny humor Zuzana Kronerová

Bibliographic Details
Other Authors: Ostricová, Marta (Interviewer)
Format: Article
Language:Slovak
PhysicalDescription:Fotogr.
ISSN:0139-7451
Subjects:

MARC

LEADER 00000nab a2200000 ar4500
001 vtls009141268
003 SK-MaSNL
005 20260303190537.0
008 070918c2007 xo wr|p|||||||000 b|slo
015 |a SNBRB2007/09  |2 snkbucl 
038 |a SNKBUCL 
040 |a SNKBUCL  |b slo  |c SNKBUCL  |e AACR2 
041 |a slo 
044 |a xo  |c SK 
080 |a 792.071.2  |2 1997 
080 |a 791.43.071.2  |2 1997 
100 1 |a Ostricová, Marta  |4 ivr  |9 841333 
245 1 0 |a Milujem čierny humor  |b Zuzana Kronerová  |c Marta Ostricová 
300 |b Fotogr. 
600 1 7 |a Kronerová, Zuzana,  |d 1952-  |2 snkbucl  |9 101892 
700 1 |a Kronerová, Zuzana,  |d 1952-  |4 ive  |9 101892 
773 0 |t Eurotelevízia  |g Roč. 17, č. 36 (2007), s. 6-10  |x 0139-7451 
852 |a SNK  |b KIS3GCP 
958 |a BX 
999 |c 2136756  |d 2138686